LEADER 02193nam 2200601 a 450 001 9910458379903321 005 20200520144314.0 010 $a1-282-86918-3 010 $a9786612869181 010 $a9956-616-85-0 010 $a9956-616-75-3 010 $a9956-616-83-4 035 $a(CKB)2560000000054209 035 $a(EBL)1135019 035 $a(OCoLC)741350477 035 $a(SSID)ssj0000433514 035 $a(PQKBManifestationID)11315203 035 $a(PQKBTitleCode)TC0000433514 035 $a(PQKBWorkID)10390459 035 $a(PQKB)11368164 035 $a(MiAaPQ)EBC1135019 035 $a(OCoLC)867793143 035 $a(MdBmJHUP)muse21725 035 $a(Au-PeEL)EBL1135019 035 $a(CaPaEBR)ebr10426394 035 $a(CaONFJC)MIL286918 035 $a(EXLCZ)992560000000054209 100 $a20101120d2010 uy p 101 0 $aeng 135 $aur|n|---||||| 181 $ctxt 182 $cc 183 $acr 200 12$aA basket of flaming ashes$b[electronic resource] $epoems /$fJoyce B. Ashuntantang 210 $aMankon, Bamenda $cLangaa Research & Pub.$d2010 215 $a1 online resource (80 p.) 300 $aPoems. 311 $a9956-616-56-7 320 $aIncludes bibliographical references. 327 $apt. 1. Heart songs -- pt. 2. Sundry musings. 330 $aAshuntantang is an extraordinary weaver of words who showcases vivid pictures that compete with 3D simulation. Her greatest asset is her use of the beautiful traditional Cameroonian anchor that evokes folk tales with its moonlight romance and glory. You feel, laugh, weep, shiver, wonder, and hail the triumphant spirit of the persona as it navigates African postcolonial and global experiences with the melancholy of an exile who is purposeful, strategic, and a lot of fun. 606 $aCameroonian poetry (English) 608 $aElectronic books. 615 0$aCameroonian poetry (English) 676 $a821.92 700 $aAshuntantang$b Joyce B$0918603 801 0$bMiAaPQ 801 1$bMiAaPQ 801 2$bMiAaPQ 906 $aBOOK 912 $a9910458379903321 996 $aA basket of flaming ashes$92449511 997 $aUNINA LEADER 00806nam a2200229 i 4500 001 991001938189707536 008 130129s2006 it b 000 0 ita d 020 $a8870484424 035 $ab14094976-39ule_inst 040 $aBibl. Interfacoltà T. Pellegrino$bita 082 0 $a155.5 100 1 $aDe Lumè, Filomena$0454872 245 10$aAdolescenze spinose /$cFilomena de Lumè, Alberta Giani 260 $aLecce :$bMilella,$cc2006 300 $a126 p. ;$c20 cm 650 4$aAdolescenti$xPsicologia 907 $a.b14094976$b02-04-14$c29-01-13 912 $a991001938189707536 945 $aLE002 155.5 DEL$g1$i2002000895356$lle002$og$pE0.00$q-$rl$s- $t0$u3$v0$w3$x0$y.i15477551$z29-01-13 996 $aAdolescenze spinose$9265824 997 $aUNISALENTO 998 $ale002$b29-01-13$cm$da $e-$fita$git $h0$i0